000 00434nam a2200181Ia 4500
008 170705s9999 xx 000 0 und d
020 _a9780439876407
245 _aWeather! /
245 _cby Justin McCory Martin.
260 _aNew York :
260 _bScholastic,
260 _c2006
300 _a16 pages :
300 _bcolor illustration ;
300 _c23cm.
440 _aScience Vocabulary Readers.
500 _a430
999 _c337401
_d337401